| 000 | 02405nam a22003977a 4500 | ||
|---|---|---|---|
| 001 | 101839 | ||
| 003 | KnowledgeUnlatched | ||
| 005 | 20210303105147.0 | ||
| 006 | m o d | ||
| 007 | cr u|||||||||| | ||
| 008 | 210129p20082019gw o u00| u eng d | ||
| 037 | _5BiblioBoard | ||
| 245 | 0 | 0 |
_aScientific Competition _cMax Albert, Stefan Voigt, Dieter Schmidtchen. |
| 020 | _a9783161494130 | ||
| 029 | 1 | _ahttps://library.biblioboard.com/ext/api/media/cb057dd1-3790-4c2e-864b-3f0568f6b85b/assets/thumbnail.jpg | |
| 040 |
_aScCtBLL _cScCtBLL |
||
| 506 | 0 |
_aAccess copy available to the general public. _fUnrestricted _2star |
|
| 700 | 1 |
_aAlbert, Max _eeditor. |
|
| 700 | 1 |
_aVoigt, Stefan _eeditor. |
|
| 700 | 1 |
_aSchmidtchen, Dieter _eeditor. |
|
| 264 | 1 | _bMohr Siebeck, | |
| 300 | _a1 online resource (328 p.) | ||
| 520 | _aIs science a 'market of ideas'? Not according to the economics of science. Science is competitive, but scientific competition is not market competition. Nor is scientific competition the same as competition between universities. Scientific competition is, first of all, competition between individual scientists. Current science policies shift the boundary between scientific competition, where scientists provide public goods in the hope to acquire status among their peers, and market competition in science, where the results of research are private property protected by patents or other means, in favor of the market. However, the economic ring of the political slogans cannot conceal a serious lack of understanding of scientific competition behind the reform proposals. | ||
| 588 | 0 | _aDescription based on print version record. | |
| 590 | _aKU Select 2018: HSS Backlist Books | ||
| 650 | 7 |
_aBusiness & Economics / Taxation _2bisacsh |
|
| 650 | 7 |
_aBusiness & Economics / Development / Business Development _2bisacsh |
|
| 650 | 7 |
_aBusiness & Economics / Government & Business _2bisacsh |
|
| 650 | 0 | _aEconomics | |
| 655 | 0 | _aElectronic books. | |
| 758 |
_iIs found in: _aKnowledge Unlatched _1https://openresearchlibrary.org/module/2774bc74-146a-484f-a7ba-ab1d6a09bbfb |
||
| 856 | 4 | 0 |
_uhttps://openresearchlibrary.org/content/cb057dd1-3790-4c2e-864b-3f0568f6b85b _zView this content on Open Research Library. _70 |
| 999 |
_c33800 _d33800 |
||